| 000 | 00343 a2200097 4500 | ||
|---|---|---|---|
| 100 | 1 |
_aKirianaki, N.V.. _eAutor |
|
| 700 | 1 |
_aGajducok, R.M.. _eAutor |
|
| 245 | 0 |
_aCifrovye izmerenija castotno-vremennych parametrov signalov / _cKirianaki N.V., Gajducok R.M.. |
|
| 710 | 2 |
_aVisca Skola. _eWydawca _4pbl |
|
| 260 |
_aL'vov : _bVisca Skola, _c1978. |
||
| 300 |
_a166 s.; _c24 cm. |
||
| 999 |
_c7105 _d7105 |
||